000 00418nam a2200145Ia 4500
008 180705s9999 xx 000 0 und d
020 _a9810699166
100 _aAtkinson, Anthony A.
245 _cKaplan, Robert S.
_aManagement accounting /
250 _a4th ed
260 _aSingapore:
_bPearson
_c2004
300 _avii, 598 pages
650 _aAccounting--anagerial accounting.
650 _aManagerial accounting.
999 _c358148
_d358148